1556 1353 1906 1701 1178 1452 1912 1811 1995 1388 1352 1539 1501 1673 1520 1363 1364 1514 1912 1815 1373 1002 1816 1737 1995 1176 1366 1323 1694 1225 1319 1290 1305 1953 1017 1308 1035 1675 1124 1661 1536 1466 1553 1769 1785 1460 1583 1787 1554 1105 1507 1963 1725 1393 1048 1968 1891 1487 1223 1691 1250 1111 1902 1721 1638 1026 1240 1689 1626 1814 1136 1260 1215 1471 1002 1446 1312 1085 1457 1668 1633 1241 1684 1839 1011 1985 1435 1174 1991 1089 1807 1245 1094 1332 1136 1646 1696 1644 1816 BCNSPRNW ULIB Ver.6.0+V

เปลี่ยนเป็นภาษาไทย

Change to English
 แสดงรายละเอียดบรรณานุกรม
  กลับหน้าหลัก

Brief Record : Get Marc (ISO 2709) : E-mail record : QR code < ปิดหน้าต่าง
LEADER : 00000nam 2200000uu 4500
001    13399127163
003     ULIB
008    191018s2562||||th 000 0 tha d
020 ^- ^a9786160036073
050 ^- ^aนว.^bบ895อ^cล.1
100 ^- ^aแบมแบม.
245 10 ^aอาณาจักรพระอาทิตย์ เล่ม 1- 2 (SETTING SUN) /^cแบมแบม.
250 ^- ^aพิมพ์ครั้งที่ 1.
260 ^- ^aปทุมธานี :^bDeep,^c2562
300 ^- ^a308 หน้า.
945    ^p325^l0^i006349
999    ^aประนอม เกษจรัล
รายการนี้ยังไม่มีแท็ก
คุณยังไม่ได้ล็อกอิน คุณสามารถมีกิจกรรมร่วมกับเว็บไซต์ได้ แต่ต้องล็อกอินก่อน ::
  ล็อกอิน

รายการสื่อสารสนเทศ

ลำดับที่ ประเภท เลขเรียก/บาร์โค้ด สถานที่ สถานะ
1. นวนิยาย
นวนิยาย
นว. บ895อ ล.1 ฉ.1 
  Barcode: 006349
ห้องสมุดวิทยาเขตนครสวรรค์
►นวนิยาย:l:Fiction
บนชั้น

รายการใกล้เคียง
    ผู้แต่ง [แบมแบม.]

BibComment


ยังไม่เคยถูกคอมเมนท์

คอมเมนท์ทรัพยากรรายการนี้
  คอมเมนท์: อาณาจักรพระอาทิต..


 Copyright 2026. Bcnsprnw @Library